Cine, fe y moral /

Chi tiết về thư mục
Định dạng: Bộ dụng cụ
Ngôn ngữ:Spanish
Được phát hành: Madrid: Edidones Rialp, 1958.
Loạt:Libros del Cine Rialp
Những chủ đề:

MARC

LEADER 00000csc a2200000 a 4500
003 Ucuenca
005 20230308205931.0
006 a||||gr|||| 0|1 0
007 ta
008 959090r1958 sp aaaagr|||| 0|1|| spa a
040 |b spa  |a UCuenca-cdrjbv  |c UCuenca  |e rda 
041 1 |a spa 
082 0 |a 791.4  |2 21  |c 27169 
245 0 |a Cine, fe y moral /   |c René Ludmann, traductora María de Quadras. 
264 1 |a Madrid:   |b Edidones Rialp,   |c 1958. 
300 |a 188 páginas:   |b ilu  |c 19 cm 
336 |2 rdacontent  |a texto  |b txt 
337 |2 rdamedia  |a no mediado  |b n 
338 |2 rdacarrier  |a volumen  |b nc 
490 |a Libros del Cine Rialp   |n  no. 10 
504 |a incl. ref. 
505 1 |a El cine y su influencia sobre el comportamiento moral -- El cine y la fe -- Películas clave. 
650 1 7 |a Cine  |9 646  |2 UCuenca-cdrjbv 
651 |2 UCuenca-cdrjbv 
852 |a UC-CDJBV  |f Compra  |l 1  |m General  |p 19590902  |q 45,00  |t 27169  |y 70240  |b 0  |d CDRC  |e CDRC  |g 791.4 TERCER PISO  |z 1959-90-90 
942 |c CR  |2 ddc  |z maria.lopezr@ucuenca.edu.ec 
999 |c 113376  |d 113376